Do popredia intenzívnejšie vstupujú biotechnológie

Na Slovensku je evidentný nárast ekologicky obhospodarovanej pôdy, ako aj nárast počtu biofarmárov.

Enregistré dans:
Détails bibliographiques
Auteur principal: Košťál, Daniel
Format: Chapitre de livre
Langue:slovaque
Sujets:
Tags: Ajouter un tag
Pas de tags, Soyez le premier à ajouter un tag!

MARC

LEADER 00000naa a2200000 4500
001 0181437
005 20231208065850.2
041 0 |a slo 
044 |a SK 
245 1 0 |a Do popredia intenzívnejšie vstupujú biotechnológie  |c Daniel Košťál 
520 |a Na Slovensku je evidentný nárast ekologicky obhospodarovanej pôdy, ako aj nárast počtu biofarmárov. 
610 2 0 |a poľnohospodárstvo 
610 2 0 |a ekológia 
610 2 0 |a biotechnológia 
100 1 |a Košťál, Daniel